Collecting with Vision (Record no. 585)

MARC details
000 -CABECERA
campo de control de longitud fija 00638nam a2200181 a 4500
001 - NÚMERO DE CONTROL
campo de control BRCA_679
005 - FECHA Y HORA DE LA ÚLTIMA TRANSACCIÓN
campo de control 20190320203113.0
008 - DATOS DE LONGITUD FIJA--INFORMACIÓN GENERAL
campo de control de longitud fija 190508s2007----us-a---###---#000-0#eng-#
020 ## - NÚMERO INTERNACIONAL ESTÁNDAR DEL LIBRO
Número Internacional Estándar del Libro 9780940744721
050 #4 - SIGNATURA TOPOGRÁFICA DE LA BIBLIOTECA DEL CONGRESO
Número de clasificación N1165.C7
Número de documento/Ítem .C65 2007
245 10 - MENCIÓN DE TÍTULO
Título Collecting with Vision
Resto del título Treasures from The Chrysler Museum of Art.
260 ## - PUBLICACIÓN, DISTRIBUCIÓN, ETC.
Lugar de publicación, distribución, etc. Londres
Nombre del editor, distribuidor, etc. Chrysler Museum of Art
Fecha de publicación, distribución, etc. 2007
300 ## - DESCRIPCIÓN FÍSICA
Extensión 160 p.
Otras características físicas il. a color
Dimensiones 25 cm.
500 ## - NOTA GENERAL
Nota general Incluye índice de obras y artistas
610 24 - PUNTO DE ACCESO ADICIONAL DE MATERIA--NOMBRE DE ENTIDAD CORPORATIVA
Nombre de entidad corporativa o nombre de jurisdicción como elemento de entrada Museo de Arte Chrysler
Subdivisión general Colecciones de arte
Subdivisión geográfica Londres (Inglaterra)
9 (RLIN) 2235
650 14 - PUNTO DE ACCESO ADICIONAL DE MATERIA--TÉRMINO DE MATERIA
Término de materia o nombre geográfico como elemento de entrada Museos de artes decorativas
Subdivisión de forma Catálogos
Subdivisión geográfica Inglaterra
9 (RLIN) 2236
942 ## - ELEMENTOS DE PUNTO DE ACCESO ADICIONAL (KOHA)
Fuente del sistema de clasificación o colocación Library of Congress Classification
Tipo de ítem Koha Libros
Holdings
Estado de retiro Estado de pérdida Estado dañado No para préstamo Localización permanente Ubicación/localización actual Fecha de adquisición Total de préstamos Signatura topográfica completa Código de barras Fecha visto por última vez Precio válido a partir de Tipo de ítem Koha
El ejemplar forma parte de la colección y puede ser consultado según las políticas vigentes.       Biblioteca del Museo Franz Mayer (Rogerio Casas-Alatriste) Biblioteca del Museo Franz Mayer (Rogerio Casas-Alatriste) 25/06/2008   N1165.C7 .C65 2007 01007 22/03/2019 22/03/2019 Libros